|
|
|
|
| LEADER |
00000nam0a2200000 4500 |
| 001 |
115852 |
| 005 |
20231101215305.0 |
| 010 |
|
|
|a 5250014372
|
| 020 |
|
|
|a RU
|b 90-60843
|
| 035 |
|
|
|a (RuTPU)RU\TPU\book\125321
|
| 090 |
|
|
|a 115852
|
| 100 |
|
|
|a 20070515d1991 m y0rusy5003 ca
|
| 101 |
1 |
|
|a rus
|c fre
|
| 102 |
|
|
|a RU
|
| 105 |
|
|
|a y z 000ay
|
| 200 |
1 |
|
|a Орля
|e [Сборник : Перевод с фр.]
|f Г. де Мопассан
|
| 210 |
|
|
|a Москва
|c Политиздат
|d 1991
|
| 215 |
|
|
|a 125,[2] с.
|d 20 см
|
| 327 |
1 |
|
|a Содерж.: Орля; Любовь; Яма; Избавилась; Клошет; Маркиз де Фюмроль; Знак; Дьявол; Крещенский сочельник; В лесу, и др. произведения
|
| 610 |
1 |
|
|a французская литература
|
| 610 |
1 |
|
|a повести
|
| 610 |
1 |
|
|a новеллы
|
| 675 |
|
|
|a 84
|z rus
|
| 700 |
|
1 |
|a Мопассан
|b Г. де
|c французский писатель
|f 1850-1893
|g Ги де
|2 stltpush
|3 (RuTPU)RU\TPU\pers\15888
|9 5543
|
| 801 |
|
0 |
|a RU
|b RuMRKP
|c 19950417
|g psbo
|
| 801 |
|
1 |
|a RU
|b 63413507
|c 20070515
|g PSBO
|
| 801 |
|
2 |
|a RU
|b 63413507
|c 20070515
|g PSBO
|
| 942 |
|
|
|c BK
|